000 00736nam a2200205 i 4500
001 87865
003 ES-MaACL
005 20250806060940.0
007 t|
008 041227s1931 sp |||| | spa d
100 1 _aLacassagne, Alexander.
_969344
245 1 0 _aManual del médico forense
_b: guía médica del abogado, magistrado, forense, perito, juez de instrucción y policía /
_cpor Alexander Lacassagne ; traducido y arreglado a la legislación española por M. de Brionde.
250 _a2ª ed.
260 _aMadrid :
_bReus,
_c1931.
300 _aXIII, 406 p. ;
_c13 cm.
650 0 7 _aMedicina legal
_2embne
_914928
700 1 _aBrionde, M. de.
_931768
852 _aES-MaACL
_jF-15062
999 _c87865
_d87865